| 000 | 00525nam a22002057a 4500 | ||
|---|---|---|---|
| 003 | OSt | ||
| 005 | 20240628132221.0 | ||
| 008 | 240628b |||||||| |||| 00| 0 eng d | ||
| 020 | _a978-93-5270-690-7 | ||
| 040 | _cTrident | ||
| 082 |
_a610 _bSAS |
||
| 100 |
_aApurba S Sarstry _945378 |
||
| 245 | _aEssentials of Hospital Infection Control | ||
| 250 | _a1st | ||
| 260 |
_aNew Delhi _bJaypee Brothers _c2019 |
||
| 300 | _aXVI,527; | ||
| 650 |
_aBio Medical _942048 |
||
| 700 |
_aDeepashree R _945379 |
||
| 942 |
_2ddc _cBK _n0 |
||
| 999 |
_c61111 _d61111 |
||